Sports Quiz

Random Sports or Cricket Quiz

Played In 2+ Group Stage Games Of The T20 Blast 2016 Quiz Stats

 Plays Quiz not verified by Sporcle

Score 0/290 Timer 20:00
0 Plays Today
County Answer % Correct
Warwickshire/BirminghamIan Bell
90.3%
WorcestershireMoeen Ali
87.7%
Warwickshire/BirminghamJeetan Patel
84.5%
NottinghamshireSamit Patel
84.5%
MiddlesexRavi Patel
83.9%
SurreyJason Roy
83.9%
YorkshireJonny Bairstow
81.9%
YorkshireJoe Root
81.9%
YorkshireAdam Lyth
80%
EssexRavi Bopara
78.7%
DurhamGraham Clark
78.1%
LancashireJordan Clark
78.1%
NottinghamshireJake Ball
77.4%
DurhamMark Wood
77.4%
SussexLuke Wright
77.4%
Northamptonshire Ben Duckett
76.8%
NottinghamshireSam Wood
76.8%
MiddlesexEoin Morgan
76.1%
HampshireWill Smith
76.1%
YorkshireAdil Rashid
75.5%
Nottinghamshire Greg Smith
75.5%
LancashireTom Smith
75.5%
Gloucestershire Tom Smith
75.5%
GloucestershireJack Taylor
74.8%
SussexRoss Taylor
74.8%
GloucestershireMatt Taylor
74.8%
HampshireJames Vince
74.8%
KentSam Billings
74.2%
Warwickshire/BirminghamRikki Clarke
74.2%
DurhamPaul Collingwood
74.2%
HampshireBrad Taylor
74.2%
NottinghamshireBrendan Taylor
74.2%
EssexCallum Taylor
74.2%
LeicestershireRob Taylor
74.2%
WorcestershireJoe Clarke
73.5%
LancashireJos Buttler
72.3%
YorkshireTim Bresnan
71.6%
DurhamBen Stokes
71.6%
SurreySam Curran
71%
SurreyTom Curran
71%
SussexBen Brown
70.3%
LancashireKarl Brown
70.3%
Somerset Craig Overton
69.7%
SomersetJamie Overton
69.7%
Somerset Ryan Davies
69%
Surrey Steven Davies
69%
YorkshireAlex Lees
69%
YorkshireDavid Willey
69%
Lancashire Alex Davies
68.4%
SurreyGareth Batty
67.7%
KentDaniel Bell-Drummond
67.7%
MiddlesexSteven Finn
67.7%
NorthamptonshireOlly Stone
67.7%
YorkshireGary Ballance
67.1%
SurreyAaron Finch
67.1%
SussexHarry Finch
67.1%
SomersetChris Gayle
66.5%
NottinghamshireStuart Broad
65.8%
DurhamKeaton Jennings
65.8%
DurhamScott Borthwick
65.2%
DurhamMark Stoneman
65.2%
SomersetPeter Trego
65.2%
LeicestershireRichard Jones
64.5%
YorkshireLiam Plunkett
64.5%
SussexChris Jordan
63.9%
MiddlesexToby Roland-Jones
63.9%
WorcestershireJoe Leach
62.6%
HampshireMichael Carberry
61.9%
NottinghamshireRikki Wessels
61.9%
KentSam Northeast
61.3%
NottinghamshireMichael Lumb
60.6%
Gloucestershire Michael Klinger
60%
MiddlesexDawid Malan
60%
NorthamptonshireGraeme White
60%
MiddlesexBrendan McCullum
59.4%
WorcestershireDaryl Mitchell
58.7%
Hampshire Liam Dawson
58.1%
Surrey Jade Dernbach
58.1%
SussexTymal Mills
58.1%
HampshireJimmy Adams
57.4%
KentJoe Denly
57.4%
EssexTom Westley
57.4%
Warwickshire/BirminghamChris Woakes
57.4%
SussexChris Nash
56.8%
NorthamptonshireAlex Wakely
56.8%
Warwickshire/BirminghamSam Hain
56.1%
DurhamChris Rushworth
55.5%
YorkshireAzeem Rafiq
54.8%
Lancashire Steven Croft
54.8%
SomersetJames Hildreth
54.8%
NorthamptonshireRichard Levi
54.8%
SurreyRory Burns
54.2%
NottinghamshireChris Read
53.5%
EssexJames Foster
52.9%
LancashireLiam Livingstone
52.9%
YorkshireSteven Patterson
52.9%
Durham/Gloucestershire Phil Mustard
52.3%
County Answer % Correct
EssexGraham Napier
52.3%
SurreyKumar Sangakkara
52.3%
SurreyBen Foakes
51.6%
GlamorganColin Ingram
51.6%
WorcestershireTom Kohler-Cadmore
51%
Northamptonshire Josh Cobb
49.7%
Leicestershire Mark Cosgrove
49.7%
Nottinghamshire Harry Gurney
49.7%
YorkshireJack Leaning
49.7%
SurreyZafar Ansari
49%
GlamorganJacques Rudolph
49%
MiddlesexPaul Stirling
49%
DerbyshireWayne Madsen
48.4%
MiddlesexNick Gubbins
47.7%
KentJames Tredwell
47.7%
SomersetJim Allenby
47.1%
Warwickshire/BirminghamLaurie Evans
47.1%
YorkshireAndrew Hodd
47.1%
Lancashire Stephen Parry
47.1%
KentMatt Coles
45.8%
Nottinghamshire Luke Fletcher
45.8%
DerbyshireAlex Hughes
45.8%
DerbyshireChesney Hughes
45.8%
MiddlesexJosh Simpson
45.8%
SussexJorfa Archer
45.2%
NottinghamshireSteven Mullaney
45.2%
MiddlesexOllie Rayner
44.5%
Hampshire Shahid Afridi
44.5%
MiddlesexJames Franklin
43.9%
Glamorgan Aneurin Donald
43.2%
HampshireAdam Wheater
43.2%
SomersetMahela Jayawardene
42.6%
Warwickshire/BirminghamWill Porterfield
42.6%
SurreyAzhar Mahmood
41.9%
Somerset Lewis Gregory
41.9%
LancashireSaqib Mahmood
41.9%
EssexAshar Zaidi
41.3%
NorthamptonshireAdam Rossington
41.3%
DurhamMichael Richardson
40.6%
Warwickshire/BirminghamKeith Barker
40%
NottinghamshireDan Christian
40%
EssexJesse Ryder
40%
Hampshire Sean Ervine
39.4%
Warwickshire/BirminghamOliver Hannon-Dalby
39.4%
NorthamptonshireRory Kleinveldt
39.4%
HampshireTom Alsop
38.1%
MiddlesexGeorge Bailey
38.1%
SussexWill Beer
37.4%
MiddlesexJames Harris
37.4%
WorcestershireGeorge Rhodes
37.4%
Worcestershire Jack Shantry
37.4%
WorcestershireBen Cox
36.8%
EssexDan Lawrence
36.8%
EssexDavid Masters
36.8%
YorkshireWill Rhodes
36.8%
EssexNick Browne
36.1%
Kent Ivan Thomas
36.1%
Warwickshire/BirminghamAteeq Javid
35.5%
SussexPhil Salt
35.5%
HampshireMason Crane
34.8%
Gloucestershire Chris Dent
34.8%
NottinghamshireImran Tahir
34.8%
NorthamptonshireRob Keogh
34.8%
LancashireArron Lilley
34.8%
SomersetMax Waller
34.8%
Lancashire George Edwards
34.2%
SurreyGary Wilson
34.2%
Warwickshire/BirminghamRecordo Gordon
32.9%
Worcestershire Kyle Abbott
32.3%
NorthamptonshireAzharullah
32.3%
KentMitchell Claydon
32.3%
Leicestershire Kevin O'Brien
32.3%
Leicestershire Niall O'Brien
32.3%
LeicestershireMark Pettini
32.3%
GlamorganDale Steyn
32.3%
YorkshireKane Williamson
32.3%
KentAlex Blake
31.6%
Northamptonshire Steven Crook
31.6%
GloucestershireBenny Howell
31.6%
Gloucestershire Hamish Marshall
31.6%
SurreyDwayne Bravo
31%
Worcestershire Brett D'Oliveira
31%
GlamorganMichael Hogan
31%
SurreyChris Morris
31%
Warwickshire/BirminghamLuke Ronchi
31%
Nottinghamshire Andre Russell
31%
HampshireDaren Sammy
31%
LancashireAlviro Petersen
31%
DerbyshireWes Durston
30.3%
KentDavid Griffiths
30.3%
Hampshire/Lancashire Gavin Griffiths
30.3%
Yorkshire Travis Head
30.3%
WorcestershireChris Russell
30.3%
GlamorganGraham Wagg
30.3%
DurhamUsman Arshad
29.7%
SurreyDominic Sibley
29.7%
YorkshireBen Coad
29%
County Answer % Correct
DurhamPaul Coughlin
29%
SussexAjmal Shahzad
29%
LancashireMartin Guptill
28.4%
DurhamRyan Pringle
28.4%
HampshireTino Best
27.7%
HampshireLiam McManus
27.7%
Worcestershire Ross Whiteley
27.7%
Gloucestershire Ian Cockbain
27.1%
Leicestershire Neil Dexter
27.1%
GlamorganDavid Lloyd
27.1%
GlamorganMark Wallace
27.1%
NorthamptonshireRichard Gleeson
26.5%
EssexRyan ten Doeschate
26.5%
HampshireGareth Berg
25.8%
YorkshireKarl Carver
25.8%
GlamorganChris Cooke
25.8%
Leicestershire Clint McKay
25.8%
Somerset Johann Myburgh
25.2%
Warwickshire/BirminghamMatthew Wade
25.2%
DerbyshireBilly Godleman
24.5%
Lancashire Tom Moores
24.5%
Warwickshire/BirminghamJosh Poysden
24.5%
Somerset Tim Groenewald
23.9%
WorcestershireAlex Kervezee
23.9%
LancashireLuke Procter
23.9%
GlamorganAndrew Salter
23.9%
LeicestershireUmark Akmal
23.2%
DurhamGordon Muchall
22.6%
NorthamptonshireSeekkuge Prasanna
22.6%
EssexMatt Quinn
22.6%
KentKagiso Rabada
22.6%
HampshireGareth Andrew
21.9%
Middlesex Ryan Higgins
21.9%
LeicestershireBen Raine
21.9%
DerbyshireHamish Rutherford
21.9%
GlamorganShaun Tait
21.9%
Leicestershire Cameron Delport
21.3%
WorcestershireMatt Henry
21.3%
Birmingham/WarwickshireMark Adair
20.6%
LancashireNathan Buck
20.6%
DerbyshireMatt Critchley
20.6%
HampshireRyan McLaren
20.6%
SomersetCraig Meschede
20.6%
Gloucestershire Liam Norwell
20.6%
MiddlesexNathan Sowter
20.6%
LancashireNeil Wagner
20.6%
LeicestershireTom Wells
20.6%
Gloucestershire Gareth Roderick
20%
WorcestershireEd Barnard
19.4%
Middlesex James Fuller
19.4%
MiddlesexHarry Podmore
19.4%
GlamorganTimm van der Gugten
19.4%
SomersetYasir Arafat
19.4%
LeicestershireLewis Hill
18.7%
DerbyshireJimmy Neesham
18.7%
SomersetRoelof van der Merwe
18.7%
HampshireBen Wheal
18.7%
SussexCraig Cachopa
18.1%
DerbyshireAndrew Carter
18.1%
Gloucestershire Andrew Tye
18.1%
SurreyRavi Rampaul
17.4%
GlamorganDean Cosker
16.8%
DerbyshireShiv Thakor
16.8%
EssexPaul Walter
16.8%
Somerset Josh Davey
16.1%
SussexGeorge Garton
16.1%
KentTom Latham
16.1%
MiddlesexAdam Voges
16.1%
KentFabian Cowdrey
15.5%
SussexDavid Wiese
15.5%
Leicestershire Jigar Naik
14.8%
DerbyshireBen Cotton
14.2%
EssexWahab Riaz
14.2%
DerbyshireHarvey Hosein
13.5%
SussexMatt Machan
13.5%
Gloucestershire Kieran Noema-Barnett
12.9%
LancashireLuis Reece
12.9%
NorthamptonshireMoeen Ashraf
12.3%
DerbyshireNeil Broom
11.6%
SussexMustafizur Rahman
11.6%
SurreyMathew Pillans
11.6%
DerbyshireTom Poynton
11.6%
Warwickshire/BirminghamAaron Thomason
11.6%
Surrey James Burke
11%
DurhamCalum MacLeod
10.3%
DurhamBarry McCarthy
9.7%
Leicestershire Rob Sayer
9%
EssexKishen Velani
9%
SomersetMichael Leask
7.1%
YorkshireJames Wainman
7.1%
SussexNuwan Kulasekara
6.5%
MiddlesexMitchell McClenaghan
6.5%
HampshireJoe Weatherley
6.5%
SomersetPaul van Meekeren
5.8%
LeicestershireFarhaan Behardien
3.9%
GloucestershireGraeme van Buuren
3.9%

You're not logged in!

Compare scores with friends on all Sporcle quizzes.
OR
Log In

Sporcle TV

Today on Sporcle TV


Watch our educational content, quiz creation guides, and fun videos on Sporcle TV.

Show Comments

Extras

Created Jul 31, 2016SourceReportNominate
Tags:Cricket Quiz

Top Quizzes Today


Score Distribution

Your Account Isn't Verified!

In order to create a playlist on Sporcle, you need to verify the email address you used during registration. Go to your Sporcle Settings to finish the process.

Report this User

Report this user for behavior that violates our Community Guidelines.

Details: